000 00495nam a2200193Ia 4500
003 STCL
008 230726s9999 xx 000 0 und d
020 _a9781844038084
040 _aSTCL
_cSTCL
_bEN
082 _222
100 _aCouper, Heather
245 4 _aThe astronomy bible: the definitive guide to the night sky and the universe
260 _bPhilips
_aLondon
_c2015
300 _a400 p
365 _b895
546 _aEnglish
700 _aHenbest, Nigel
942 _2DDC
_e22
_cBKDDC
999 _c89043
_d89043